El hijo del acordeonista.

Guardat en:
Dades bibliogràfiques
Autor principal: Atxaga, Bernardo (autor, traducción)
Altres autors: Garikano, Asun (traducción)
Format: Llibre
Idioma:anglès
Publicat: Buenos Aires, Argentina: Alfaguara, 2004.
Edició:Primera edición.
Matèries:
Etiquetes: Afegir etiqueta
Sense etiquetes, Sigues el primer a etiquetar aquest registre!

MARC

LEADER 00000nam a22000007a 4500
003 CL-VaPUC
005 20241127095502.0
008 241115t2004 ||||| |||| 00| 0 eng d
999 |c 445712  |d 445710 
020 |a 987-04-0010-8 
040 |c Pontificia Universidad Católica de Valparaíso 
082 |2 22  |a 863.7 ATX 2004 
100 |9 893830  |a Atxaga, Bernardo  |e autor 
245 |a El hijo del acordeonista. 
250 |a Primera edición. 
260 |a Buenos Aires, Argentina:  |b Alfaguara,  |c 2004. 
300 |a 482 páginas. 
500 |a c.1 Donación. Memo EDU. 12-11-2024. 
583 |c 20241115  |k Yessy Sthefany Diaz Vidal 
650 0 |9 265052  |a Novelas españolas  |y Siglo 21 
700 |9 893831  |a Garikano, Asun  |e traducción 
700 |9 893830  |a Atxaga, Bernardo  |e traducción 
942 |2 ddc  |c BK 
952 |0 0  |1 0  |2 ddc  |4 0  |6 863_700000000000000_ATX_2004  |7 0  |8 A  |9 598038  |a BIBEDU  |b BIBEDU  |d 2024-11-15  |e Donación  |i 5663233  |o 863.7 ATX 2004  |p 5663233  |r 2024-11-15  |t 1  |w 2024-11-15  |y BK  |k EDU